| 000 | 00691nam a2200217 i 4500 | ||
|---|---|---|---|
| 001 | 104948 | ||
| 003 | ES-MaACL | ||
| 005 | 20250901040610.0 | ||
| 007 | t| | ||
| 008 | 060531s1949 fr ||||1| fre d | ||
| 080 | _a811.111'36 | ||
| 100 | 1 |
_aCestre, Charles. _937700 |
|
| 245 | 1 | 0 |
_aGrammaire complète de la langue anglaise / _cpar Charles Cestre et Marguerite-Marie Dubois. |
| 260 |
_aParis : _bLarousse, _c[1949] |
||
| 300 |
_a591 p. ; _c19 cm. |
||
| 500 | _aBiblioteca Jacinto Martínez Lacalle. | ||
| 650 | 1 | 4 |
_aLengua inglesa- _xGramática. _914277 |
| 700 | 1 |
_aDubois, Marguerite-Marie, _d1915-2011 _945775 |
|
| 852 |
_aES-MaACL _jE-11343 _bR.139060 |
||
| 999 |
_c104948 _d104948 |
||